| 000 | 00000nam 2200000za 4500 |
| 001 | 9.816569 |
| 003 | CaOODSP |
| 005 | 20250403105746 |
| 007 | cr ||||||||||| |
| 008 | 160429s1990 onc |o f|0| 0 fre d |
| 020 | |z0-660-54213-7 |
| 040 | |aCaOODSP|bfre |
| 043 | |an-cn--- |
| 086 | 1 |aCS89-510/1990F-PDF |
| 245 | 04|aLes immigrants au Canada |h[ressource électronique] : |bfaits saillants choisis / |cpublication autorisée par le ministre de l'Expansion industrielle régionale. |
| 260 | |aOttawa : |bStatistique Canada, |c1990. |
| 300 | |a56 p. : |bgraphiques. |
| 500 | |aPubli. aussi en anglais sous le titre : Immigrants in Canada: selected highlights. |
| 500 | |aÉdition numérisée de l'imprimé [par Statistique Canada]. |
| 504 | |aComprend des références bibliographiques. |
| 692 | 07|2gccst|aImmigrant |
| 710 | 2 |aStatistique Canada. |
| 775 | 08|tImmigrants in Canada |w(CaOODSP)9.816566 |
| 856 | 40|qPDF|s11.33 Mo|uhttps://publications.gc.ca/collections/collection_2016/statcan/CS89-510-1990-fra.pdf |